Ešte rok Slovenský katolicizmus

Bibliographic Details
Main Author: Maruniak, Peter, 1933-2013 (Author)
Format: Article
Language:Slovak
Subjects:

MARC

LEADER 00000nab a2200000 a 4500
001 vtls000426410
003 SK-MaSNL
005 20260303115937.0
008 120925c1991 xo 0 slo
015 |a SNBRB19rr/mm-uuuuu 
035 |a CL0426538 
040 |a SNKBUCL  |b slo  |c SNKBUCL  |e AACR2 
041 0 |a slo 
044 |a xo  |c SK 
080 |a 282(437.6)(091)  |2 1981 
080 |a 943.76  |2 1981 
100 1 |a Maruniak, Peter,  |d 1933-2013  |4 aut  |9 211254 
245 1 0 |a Ešte rok Slovenský katolicizmus  |c Peter Maruniak 
650 0 7 |a katolicizmus  |2 snkbucl  |9 4024 
655 7 |a články z novín a časopisov  |2 snkbucl  |9 267496 
773 0 |t Slovenské národné noviny  |g Roč. 2, č. 18 (1991), s. 5 
850 |a Slovenská národná knižnica v Martine  |a MTA001 
852 |a SNK  |b KIS3GCP 
958 |a RK 
992 |a RBX 
999 |c 1906676  |d 1908606